| 000 | 00477cam a2200181 4500 | ||
|---|---|---|---|
| 001 | D12816 | ||
| 008 | 090401t1881 xxu||||| |||| 00| 0 eng d | ||
| 035 | _a(Sirsi) u6010 | ||
| 041 | _aeng | ||
| 100 | _aGillespie, W.M. | ||
| 245 | 2 | _aA treatise on land-surveying: comprising the theory developed from five elementary principles; and the practice | |
| 250 | _a8th | ||
| 260 |
_bAppleton _c1881 |
||
| 350 | _a0 | ||
| 520 | _aShelf 181 | ||
| 942 | _n0 | ||
| 948 | _c04/03/1997 | ||
| 999 |
_c86238 _d86238 |
||